000 00851nam0a22002291 4500
001 rc\2599104
005 20250623130445.0
035 _a(NLR Aleph) 006763207
090 _a5866380
_c5866380
100 _a20110914d1930 |||y0rusy50 ca
101 0 _arus
102 _aRU
105 _aa z |||||
200 1 _aПамятка красноармейцу о бронесилах
_fСоставил С. Деревцов...
210 _aМосква
_aЛенинград
_cГос. изд-во. Отд. воен. лит-ры
_d1930
_eВологда
_gтип. № 1 Полиграфтреста "Северный печатник"
215 _a28 с., [4] с. "Для заметок"
_cил.
_d11х8 см.
700 1 _aДеревцов
_bС.
801 0 _aRU
_bNLR
_gpsbo
801 1 _aRU
_bELAR
_2rusmarc
852 _aNLR
_j30.8/71.41
942 _cBOOK
980 _aNB